00265nam a22001097a 4500020001800000082001800018100001700036245005100053260003200104300001100136563000800147 a9781486009817 a346.7307bGIB aGibson, Andy aBusiness Law /cAndy Gibson and Douglas Fraser aAustralia:bPearson,c2014. a794 p. aPB.